000 00346pab a2200133 454500
008 180718b2000 xxu||||| |||| 00| 0 eng d
245 _aSPECIAL issue: mental health consequences of disasters
260 _c2000
300 _ap.527-701
362 _aOct
650 _aMental health
773 _aIndian Journal of Social Welfare
909 _a47265
999 _c47265
_d47265